000 00373nam a2200133Ia 4500
008 240624s9999 xx 000 0 und d
041 _aeng
082 _a658.314 CAT
100 _aCATRINESCU INA
245 _aBURNOUT TO BREAK THROUGH MOTIVATING EMPLOYEES WITH LEADERSH
260 _c2018
_aNew York
_bSKYHORSE PUBLISHING
300 _axii, 212 p.; 23 cm.
365 _c
_b33
999 _c32140
_d32140